000 00751nam a2200217 a 4500
005 20240507120643.0
008 100427t1980||||ag f |||| 001 0 spa d
020 _aS/N
041 _aspa
092 _c152.1
_l8
_sBON
100 1 _aBond, Michael R.
_93775
245 _aDolor.
_bSu naturaleza, análisis y tratamiento /
_cMichael R. Bond
250 _a1a ed.
_bTraducción Diana Perriad
260 _aBuenos Aires:
_bIntermédica;
_c1980.
300 _a219 p.
500 _aBond, M. R. (1980). Dolor. Su naturaleza, análisis y tratamiento. (1a ed.). Buenos Aires : Intermédica.
653 _aNaturaleza del dolor
653 _aAnalisis clínico del dolor
653 _aMétodos físicos y fisiológicos para aliviar el dolor
942 _2ddc
_cBK
999 _c2196
_d2196